000 00184nam a2200073Ia 4500
008 170524s9999 xx 000 0 und d
100 _aGITMAN
245 0 _aPRINCIPLES OF MANAGERIAL FINANCE
260 _bCONCEPT PUB. CO.
999 _c7958
_d7958